| 000 | 00378nam a2200145 a 4500 | ||
|---|---|---|---|
| 001 | 1347 | ||
| 003 | CDMR | ||
| 005 | 20130116135209.0 | ||
| 008 | 130130s2011||||||||||||||||||||||||||||d | ||
| 040 |
_aCDMR _bcat _cCPC GIRONA |
||
| 100 | 1 |
_aMasanés, Cristina _91045 |
|
| 245 | 1 | 0 |
_aGirona _b32 veus que fan ciutat _cMasanés, Cristina |
| 260 |
_c2011 _bAjuntament de Girona |
||
| 942 | _cMON | ||
| 999 |
_c1347 _d1347 |
||